मानक हिन्दी व्याकरण और रचना / (Record no. 65755)

MARC details
000 -LEADER
fixed length control field 00827nam a22002297a 4500
005 - DATE AND TIME OF LATEST TRANSACTION
control field 20181119153323.0
010 ## - LCCN (DPL NO)
LC control number B-172011
020 ## - INTERNATIONAL STANDARD BOOK NUMBER
International Standard Book Number 8188459119
Terms of availability 95.00
035 ## - SYSTEM CONTROL NUMBER
System control number B-171991
035 ## - SYSTEM CONTROL NUMBER
System control number B-172011
082 ## - DEWEY DECIMAL CLASSIFICATION NUMBER
Classification number 425
100 ## - MAIN ENTRY--PERSONAL NAME
Personal name हरिवंश तरुण
245 ## - TITLE STATEMENT
Title मानक हिन्दी व्याकरण और रचना /
Statement of responsibility, etc हरिवंश तरुण
246 ## - VARYING FORM OF TITLE
Remainder of title Manak Hindi vyakaran aur rachana
Medium by Harivansh Tarun
260 ## - PUBLICATION, DISTRIBUTION, ETC. (IMPRINT)
Place of publication, distribution, etc दिल्ली
Name of publisher, distributor, etc शुभदा प्रकाशन
Date of publication, distribution, etc 2005
270 ## - ADDRESS
Address
City
Postal code
300 ## - PHYSICAL DESCRIPTION
Extent 395पृ.
Dimensions 22 सेमी ( अजिल्द)
600 ## - SUBJECT ADDED ENTRY--PERSONAL NAME
General subdivision हिन्दी व्याकरण
600 ## - SUBJECT ADDED ENTRY--PERSONAL NAME
General subdivision Hindi Grammar
942 ## - ADDED ENTRY ELEMENTS (KOHA)
Source of classification or shelving scheme Dewey Decimal Classification
Item type Hindi Books
Classification part 425
Call number suffix हरिवं
Holdings
Withdrawn status Lost status Not for loan Collection code Home library Current library Date acquired Cost, normal purchase price Full call number Barcode Cost, replacement price Koha item type Copy number
      Non-fiction R.C.Libraries (zls) R.C.Libraries (zls) 19/11/2018 95.00 425 हरिवं B-172011 95.00 Hindi Books 1.
      Non-fiction Sarojini Nagar Sarojini Nagar 28/04/2012 95.00 425 हरिवं B-171991 95.00 Hindi Books  

© Delhi Public Library
Hit Counter
free hit counter